01025nam a22002657a 4500003000500000005001700005008004100022010001000063011001000073035001100083040000900094100003700103245020300140260004000343300003500383502009300418530003600511650001200547650003600559650002700595650002200622650002600644650002500670856006400695CHAP20220329143446.0091026s2009 mx r 00010 spa d a96946 a97918 a108591 cCHAP1 aJiménez Guerra, Blanca Estela.10aProductividad, rentabilidad y empleo en el proceso de producción de melon (Cucumis melo L.) irrigado por bombeo en la Comarca Lagunera, México de 1990 a 2005c/por Blanca Estela Jiménez Guerra aChapingo, Méx. :bEl autor,c2009 aix, 44 h. :bcuadros, gráfs. aTesis (Ing. Agr. Esp. en Sociología Rural) -- UACH. Departamento de Sociología Rural aTambién disponible en línea14aBombeo.14aMelónxAspectos económicos.14aMelónxIrrigación.14aMelónxPrecios.14aMelónxRendimiento.14aMelónxVariedades. 3Finding aiduhttp://10.13.5.2/tesis/108591.pdfzTeclea aqui